<?xml version="1.0" encoding="UTF-8"?>
<record
    xmlns:xsi="http://www.w3.org/2001/XMLSchema-instance"
    xsi:schemaLocation="http://www.loc.gov/MARC21/slim http://www.loc.gov/standards/marcxml/schema/MARC21slim.xsd"
    xmlns="http://www.loc.gov/MARC21/slim">

  <leader>04049cam a2200445 a 4500</leader>
  <controlfield tag="001">16773830</controlfield>
  <controlfield tag="003">OSt</controlfield>
  <controlfield tag="005">20220204120639.0</controlfield>
  <controlfield tag="008">110511s2011    enka     b    001 0 eng  </controlfield>
  <datafield tag="010" ind1=" " ind2=" ">
    <subfield code="a">  2011013534</subfield>
  </datafield>
  <datafield tag="015" ind1=" " ind2=" ">
    <subfield code="a">GBB164813</subfield>
    <subfield code="2">bnb</subfield>
  </datafield>
  <datafield tag="016" ind1="7" ind2=" ">
    <subfield code="a">015816490</subfield>
    <subfield code="2">Uk</subfield>
  </datafield>
  <datafield tag="020" ind1=" " ind2=" ">
    <subfield code="a">9780470699812 (hardback)</subfield>
  </datafield>
  <datafield tag="020" ind1=" " ind2=" ">
    <subfield code="a">0470699817 (hardback)</subfield>
  </datafield>
  <datafield tag="020" ind1=" " ind2=" ">
    <subfield code="z">9781119975458 (ePDF)</subfield>
  </datafield>
  <datafield tag="020" ind1=" " ind2=" ">
    <subfield code="z">9781119975441 (oBook)</subfield>
  </datafield>
  <datafield tag="020" ind1=" " ind2=" ">
    <subfield code="z">9781119976127 (epub)</subfield>
  </datafield>
  <datafield tag="020" ind1=" " ind2=" ">
    <subfield code="z">9781119976134 (mobi)</subfield>
  </datafield>
  <datafield tag="035" ind1=" " ind2=" ">
    <subfield code="a">(OCoLC)ocn719429298</subfield>
  </datafield>
  <datafield tag="038" ind1=" " ind2=" ">
    <subfield code="a">Muzammil</subfield>
  </datafield>
  <datafield tag="040" ind1=" " ind2=" ">
    <subfield code="a">DLC</subfield>
    <subfield code="c">DLC</subfield>
    <subfield code="d">YDX</subfield>
    <subfield code="d">BTCTA</subfield>
    <subfield code="d">YDXCP</subfield>
    <subfield code="d">CDX</subfield>
    <subfield code="d">UKMGB</subfield>
    <subfield code="d">BWX</subfield>
    <subfield code="d">PUL</subfield>
    <subfield code="d">WAU</subfield>
    <subfield code="d">BDX</subfield>
    <subfield code="d">OSU</subfield>
    <subfield code="d">OCLCO</subfield>
    <subfield code="d">DLC</subfield>
  </datafield>
  <datafield tag="042" ind1=" " ind2=" ">
    <subfield code="a">pcc</subfield>
  </datafield>
  <datafield tag="050" ind1="0" ind2="0">
    <subfield code="a">TJ828</subfield>
    <subfield code="b">.J36 2011</subfield>
  </datafield>
  <datafield tag="082" ind1="0" ind2="0">
    <subfield code="a">621.45</subfield>
    <subfield code="2">23</subfield>
    <subfield code="b">JAM</subfield>
  </datafield>
  <datafield tag="084" ind1=" " ind2=" ">
    <subfield code="a">TEC031000</subfield>
    <subfield code="2">bisacsh</subfield>
  </datafield>
  <datafield tag="100" ind1="1" ind2=" ">
    <subfield code="a">Jamieson, Peter,</subfield>
    <subfield code="d">1946-</subfield>
    <subfield code="9">88784</subfield>
  </datafield>
  <datafield tag="245" ind1="1" ind2="0">
    <subfield code="a">Innovation in wind turbine design /</subfield>
    <subfield code="c">Peter Jamieson.</subfield>
  </datafield>
  <datafield tag="250" ind1=" " ind2=" ">
    <subfield code="a">1st ed.</subfield>
  </datafield>
  <datafield tag="260" ind1=" " ind2=" ">
    <subfield code="a">Chichester, West Sussex ;</subfield>
    <subfield code="a">Hoboken, N.J. :</subfield>
    <subfield code="b">Wiley,</subfield>
    <subfield code="c">2011.</subfield>
  </datafield>
  <datafield tag="300" ind1=" " ind2=" ">
    <subfield code="a">xviii, 298 p. :</subfield>
    <subfield code="b">ill. ;</subfield>
    <subfield code="c">26 cm.</subfield>
  </datafield>
  <datafield tag="504" ind1=" " ind2=" ">
    <subfield code="a">Includes bibliographical references and index.</subfield>
  </datafield>
  <datafield tag="505" ind1="0" ind2=" ">
    <subfield code="a">Introduction -- Rotor aerodynamic theory -- Rotor aerodynamic design -- Rotor structural interactions -- Upscaling of wind turbine systems -- Wind energy conversion concepts -- Drive train design -- Offshore wind turbines -- Technology trends summary -- Cost of energy -- Evaluation methodology -- Optimum blade number -- Pitch versus stall -- HAWT or VAWT? -- Free yaw -- Multi rotor systems -- Design themes summary -- Adaptable rotor concepts -- A shrouded rotor -- The gamesa G10X drive train -- Gyroscopic torque transmission -- The norsetek rotor design -- Siemens blade technology -- Stall induced vibrations -- Magnetic gearing and pseudo-direct drive -- Summary and concluding comments.</subfield>
  </datafield>
  <datafield tag="520" ind1=" " ind2=" ">
    <subfield code="a">"Innovation in Wind Turbine Design covers the basics of design and the reasons behind design choices, as well as the methodology for evaluating innovative systems and components, always referencing a state of the art system for comparison. Thus the reader is able to understand current technology and the reasoning behind progress to date, before assessing where it can go in the future. It discusses the basics, as well as how to apply existing engineering knowledge to further technology.Innovation in Wind Turbine Design is divided into three main sections: introduction, design background and technology evaluation. Section 1 reviews the evolution of modern wind technology and establishes the basis for evaluating standard and innovative designs. Section 2 reviews the optimization of rotor design, discusses wind energy conversion systems, drive trains, scaling issues and offshore wind turbines, and concludes with an overview of technology trends with a glimpse of possible future technology. Section 3 comprises a global view of the multitude of design options for wind turbine systems, the basis for comparative valuation and evaluation methodology, cost of energy assessment and includes a number of innovative examples, some from working experiences for commercial clients. Draws upon the author's 30 years industry experience to synergize the separate fields of engineering innovation and wind technology into one practical reference text Enables both creative and analytical thinking as well as engineering insight that is invaluable in the early stages of parametric studies Includes innovative examples from working experiences for commercial clients Includes previously unpublished or little disseminated theory, including the author's recent research solving a problem generalizing Betz' theory to account for the behavior of rotors in ducts or non-uniform flow regions"--</subfield>
  </datafield>
  <datafield tag="563" ind1=" " ind2=" ">
    <subfield code="a">hardcover</subfield>
  </datafield>
  <datafield tag="650" ind1=" " ind2="0">
    <subfield code="a">Wind turbines.</subfield>
    <subfield code="9">88785</subfield>
  </datafield>
  <datafield tag="856" ind1="4" ind2="2">
    <subfield code="3">Cover image</subfield>
    <subfield code="u">http://catalogimages.wiley.com/images/db/jimages/9780470699812.jpg</subfield>
  </datafield>
  <datafield tag="906" ind1=" " ind2=" ">
    <subfield code="a">7</subfield>
    <subfield code="b">cbc</subfield>
    <subfield code="c">orignew</subfield>
    <subfield code="d">1</subfield>
    <subfield code="e">ecip</subfield>
    <subfield code="f">20</subfield>
    <subfield code="g">y-gencatlg</subfield>
  </datafield>
  <datafield tag="942" ind1=" " ind2=" ">
    <subfield code="2">ddc</subfield>
    <subfield code="c">BK</subfield>
  </datafield>
  <datafield tag="999" ind1=" " ind2=" ">
    <subfield code="c">32925</subfield>
    <subfield code="d">32925</subfield>
  </datafield>
  <datafield tag="952" ind1=" " ind2=" ">
    <subfield code="0">0</subfield>
    <subfield code="1">0</subfield>
    <subfield code="2">ddc</subfield>
    <subfield code="4">0</subfield>
    <subfield code="7">0</subfield>
    <subfield code="a">SMME</subfield>
    <subfield code="b">SMME</subfield>
    <subfield code="d">2015-12-11</subfield>
    <subfield code="l">1</subfield>
    <subfield code="m">2</subfield>
    <subfield code="o">621.45 JAM</subfield>
    <subfield code="p">SMME-1800</subfield>
    <subfield code="r">2022-02-04</subfield>
    <subfield code="s">2021-10-01</subfield>
    <subfield code="w">2015-12-11</subfield>
    <subfield code="y">BK</subfield>
  </datafield>
</record>
